00298nam a22001097a 4500008004100000020001500041082002400056100001400080245004300094260003700137300001400174230623b xxu||||| |||| 00| 0 eng d a0712106499 26a330.03bHAN 1965 cJL Hanson aA Dictionary of Economics and Commerce aLondonbPitman Publishing c1965 aIII,393 p